Paradoxy cestovného ruchu v 21. storočí: Rozvíja sa cestovný ruch udržateľne?
Zdôraznenie zásad Globálneho etického kódexu cestovného ruchu v spoločensky zodpovednom rozvoji cestovného ruchu. Poukázanie na paradoxy rozvoja cestovného ruchu v prvých dvoch dekádach 21. storočia. Zdôraznenie formulácie reálnych cieľov a udržateľných stratégií, rešpektujúcich etické princípy.
Saved in:
| Main Author: | |
|---|---|
| Other Authors: | |
| Format: | Book Chapter |
| Language: | Slovak |
| Subjects: | |
| Tags: |
No Tags, Be the first to tag this record!
|
MARC
| LEADER | 00000naa a2200000 4500 | ||
|---|---|---|---|
| 001 | 0262241 | ||
| 005 | 20200207131509.1 | ||
| 041 | 0 | |a slo | |
| 044 | |a SK | ||
| 245 | 1 | 0 | |a Paradoxy cestovného ruchu v 21. storočí: Rozvíja sa cestovný ruch udržateľne? |c Marián Gúčik, Alica Albertová |
| 520 | |a Zdôraznenie zásad Globálneho etického kódexu cestovného ruchu v spoločensky zodpovednom rozvoji cestovného ruchu. Poukázanie na paradoxy rozvoja cestovného ruchu v prvých dvoch dekádach 21. storočia. Zdôraznenie formulácie reálnych cieľov a udržateľných stratégií, rešpektujúcich etické princípy. | ||
| 610 | 2 | 0 | |a ruch cestovný |
| 610 | 2 | 0 | |a kódexy etické |
| 610 | 2 | 0 | |a rozvoj trvalo udržateľný |
| 610 | 2 | 0 | |a paradoxy |
| 610 | 2 | 0 | |a analýza kvalitatívna |
| 100 | 1 | |a Gúčik, Marián | |
| 700 | 1 | |a Albertová, Alica | |